000 02193cas a2200409 i 4500
001 20226703
005 20250915101119.0
006 m o d
007 cr |||||||||||
008 171220c20019999enkfr poog 0 0eng c
010 _a 2007247533
015 _aGBB044821
_2bnb
016 7 _a2145279-9
_2DE-600
016 7 _a014630296
_2Uk
022 _a1757-8426
_y1473-5970
_l1473-5970
035 _a20226703
035 _a(OCoLC)60617189
037 _bHart Publishing Ltd., 16c Worchester Pl, Oxford, OX1 2JW United Kingdom
040 _aOCLCS
_beng
_erda
_epn
_cOCLCS
_dGAO
_dMUQ
_dBUF
_dHEBIS
_dOCLCQ
_dOCLCF
_dOCLCO
_dTXA
_dOCLCO
_dNLE
_dAU@
_dUKMGB
_dVT2
_dUUM
_dDLC
_dYOR
_dOCLCO
_dTXQ
_dOCLCQ
_dUAB
042 _apcc
043 _ae-uk---
050 0 0 _aK10
130 0 _aJournal of corporate law studies (Online)
245 1 0 _aJournal of corporate law studies.
246 1 _aJ. corp. l. stud.
246 1 _aJCLS
264 1 _3Volume 1, part 1- :
_a[Oxford, UK] :
_b[Hart Publishing],
_c[2001]-
264 3 1 _3Vol. 15, no. 2- :
_a[Abingdon, Oxford, UK] :
_bRoutledge, Taylor & Francis
310 _aSemiannual
362 1 _aBegan with: Volume 1, part 1 (June 2001).
520 _aThe established international forum for high quality analysis of corporate, securities and financial law, The Journal of Corporate Law Studies is: vital for teaching and research, vital for practice, vital for regulation, law and policy-making. We cover corporate law and corporate governance, capital market and broader financial regulation, and restructuring and insolvency. Our strong global perspective and interdisciplinary understanding of financial, economic and political contexts and the impact of technological developments makes us the "go to" source for a fully developed, rigorously analytical view of the area - anyone who works in any field where corporate law arises cannot afford to be without it.
650 0 _aCorporation law
_zGreat Britain
_vPeriodicals.
650 0 _aCorporation law
_vPeriodicals.
655 0 _aElectronic journals.
856 _uhttps://bibliotheque.tbs-education.fr/Default/doc/PUBFINDER/edp4602022/journal-of-corporate-law-studies
942 _2lcc
999 _c4938
_d4938